|
|
|
|
| LEADER |
00946nam a22002532a 4500 |
| 001 |
001412155 |
| 003 |
CZ BrMZK |
| 005 |
20191014131936.0 |
| 007 |
ta |
| 008 |
140815s1937 xxu er|||||||||||eng d |
| 040 |
|
|
|a BOA001
|b cze
|
| 100 |
1 |
|
|a Weisenburger, Francis P.
|4 aut
|
| 245 |
1 |
4 |
|a The life of John McLean, a politician on the United States Supreme Court /
|c Francis P. Weisenburger
|
| 260 |
|
|
|a Columbus :
|b Ohio State University Press,
|c 1937
|
| 300 |
|
|
|a 8, 244 s.
|
| 490 |
1 |
|
|a Ohio State University Studies
|
| 490 |
1 |
|
|a Graduate school series. Contributions in history and political sciences ;
|v nr. 15
|
| 504 |
|
|
|a Obsahuje bibliografii
|
| 830 |
|
0 |
|a Ohio State University Studies
|
| 830 |
|
0 |
|a Graduate school series.
|p Contributions in history and political science
|
| 910 |
|
|
|a BOA001
|b 2-0416.030
|
| 990 |
|
|
|a BK
|
| 991 |
|
|
|b 201408
|
| 996 |
7 |
|
|b 2619118432
|c 2-0416.030
|l MZK
|r Sklad / do 24 hodin
|n 0
|w 001447419
|u 000010
|a 1
|e BOA001
|j MZK50
|s A
|